LEADER 01078cam0-2200385---450- 001 990001354980403321 005 20080204123132.0 010 $a88-7802-178-4 035 $a000135498 035 $aFED01000135498 035 $a(Aleph)000135498FED01 035 $a000135498 100 $a20001205d1990----km-y0itay50------ba 101 0 $aita 102 $aIT 105 $aa-------001yy 200 1 $aFilosofia e geometria$etemi teorici e storici$fLorenzo Magnani 210 $aMilano$cGuerini e Associati$d1990 215 $a178 p.$d23 cm 225 1 $aMateriali filosofici$v2 610 0 $aGeometria$aTeorie$aSec. 19.-20. 610 0 $aSpazio$aTeorie$aSec. 19.-20. 610 0 $aFondamenti della logica matematica e probabilità 676 $a519 676 $a114 700 1$aMagnani,$bLorenzo$029055 801 0$aIT$bUNINA$gRICA$2UNIMARC 901 $aBK 912 $a990001354980403321 952 $aP.1 FG 1516$b9873 Bibl.$fFLFBC 952 $a4A-126$fFI1 959 $aFLFBC 959 $aFI1 996 $aFilosofia e geometria$9375727 997 $aUNINA LEADER 01212nas 2200409 c 450 001 9910890978403321 005 20260218110133.0 035 $a(CKB)1000000000257889 035 $a(DE-101)1150792698 035 $a(DE-599)ZDB2916896-X 035 $a(DE-599)2916896-X 035 $a(EXLCZ)991000000000257889 100 $a20180117a19689999 |y | 101 0 $aeng 135 $aur||||||||||| 181 $ctxt$2rdacontent 182 $cc$2rdamedia 183 $acr$2rdacarrier 200 00$aPeriodica polytechnica$h[...]$iArchitecture$fBudapest University of Technology and Economics 210 31$aBudapest$cUniversity of Technology and Economics$d[1968?]- 215 $aOnline-Ressource 300 $aGesehen am 17.01.2018 311 08$a0031-5346 531 00$aPer. Pol. Arch. 531 00$aPeriod. Polytech. Arch. 531 00$aPeriodica Polytechnica Ser. Arch. 608 $aZeitschrift$2gnd-content 676 $a720 676 $a690 712 02$aBudapesti Mu?szaki e?s Gazdasa?gtudoma?nyi Egyetem$4isb 801 0$b0082 801 1$bDE-101 801 2$b9001 906 $aJOURNAL 912 $a9910890978403321 996 $aPeriodica polytechnica$92010639 997 $aUNINA